Cursed : La Rebelle - 15 personnages en 8 minutes - Statistiques

Statistiques générales
  • Ce quiz a été pris 6 fois
  • Le résultat moyen est 10 sur 15
Statistiques - réponses
Hint Réponse % Correct
2 Arthur
100%
11 Écureuil
100%
3 Merlin
100%
6 Morgane
100%
1 Nimue
100%
4 Pym
100%
7 Celia
50%
12 Cumber
50%
13 Eydis
50%
8 Iris
50%
10 Lenore
50%
5 Moine Larmoyant
50%
15 Père Carden
50%
9 Uther
50%
14 La Lance Rouge
0%
Aucun quiz correspondant
Distribution des résultats
% des personnes avec chaque résultat
Percentile par nombre de réponses
Votre historique - résultats
Vous n’avez pas pris ce quiz